| 000 | 01424cmm a22003497a 4500 | ||
|---|---|---|---|
| 001 | 5004035 | ||
| 003 | OSt | ||
| 005 | 20180116183010.0 | ||
| 007 | co cga|||||||| | ||
| 008 | 970710s1993 cau q g eng | ||
| 010 | _a 97802685 | ||
| 020 | _a0345333926 (novel) | ||
| 040 |
_aDLC _cDLC _dDLC |
||
| 050 | 0 | 0 | _aHAA 0059 |
| 082 | _a813.54 NIV 1988 | ||
| 100 | _aLarry Niven | ||
| 245 | 0 | 0 |
_aRingworld : _brevenge of the patriarch. |
| 260 |
_aCoarsegold, CA : _bTsunami Media, Inc., _c1993. |
||
| 300 |
_a1 computer optical disc ; _c4 3/4 in. + _e1 user's manual + 1 Ringworld novel (342 p.) |
||
| 500 | _aTitle from disc label. | ||
| 520 | _aBased on Larry Niven's Ringworld. User plays a human mercenary named Quinn and must determine the best course of action to take to overcome a variety of obstacles. | ||
| 538 | _aSystem requirements: IBM-compatible 16MHz 386SX or faster processor; MS-DOS 5.0 or greater. | ||
| 650 | 0 |
_aImaginary places _vComputer games. |
|
| 655 | 0 | _aVideo games. | |
| 700 | 1 |
_aNiven, Larry. _tRingworld. |
|
| 710 | 2 | _aTsunami Media, Inc. | |
| 710 | 2 |
_aCopyright Collection (Library of Congress) _5DLC |
|
| 856 | 4 | 2 |
_3Publisher description _uhttp://www.loc.gov/catdir/description/random049/97802685.html |
| 906 |
_a7 _bcbc _corignew _d4 _encip _f19 _gy-movingim |
||
| 942 |
_2ddc _cBK |
||
| 999 |
_c350246 _d350246 |
||